| 000 | 00390 a2200157 4500 | ||
|---|---|---|---|
| 020 | _a9698854002 | ||
| 082 | _a297.65 | ||
| 090 |
_c4966 _d4966 |
||
| 100 | _aHussain,Iqbal S. | ||
| 245 |
_aThe Decline of the Muslim Ummah. _cIqbal S.Hussain |
||
| 250 | _a1st | ||
| 260 |
_aLahore _bHumanity International _c2004 |
||
| 300 | _a468p | ||
| 500 | _aHard cover | ||
| 942 |
_aNBS _cBK _k297.65 IQB |
||
| 999 |
_c347394 _d347394 |
||